Click the Countries of Europe in Alphabetical Order Quiz Stats

Quiz Updated Nov 30, 2017

Score 0/47 Timer 06:00
10 Plays Today
% Correct
Albania
72.2%
Andorra
71.5%
Belgium
70.7%
Denmark
69.3%
France
62.9%
Germany
61.8%
Lithuania
61.8%
Estonia
61.6%
Austria
60.9%
United Kingdom
60.6%
Belarus
59.1%
Vatican City
58.8%
Croatia
57.9%
Ireland
57.4%
Italy
57.2%
Finland
56.6%
Hungary
55.8%
Latvia
54.3%
Switzerland
53.9%
Iceland
53.5%
Turkey
53.3%
Ukraine
53.2%
Portugal
53%
Czechia
52.9%
% Correct
Bulgaria
52.5%
Bosnia and Herzegovina
51.9%
Poland
51.1%
Spain
50.6%
Luxembourg
50.2%
Norway
49.1%
Slovenia
48.3%
Greece
48%
Cyprus
46.9%
Sweden
46.5%
Kosovo
45.9%
Russia
45.3%
Montenegro
44.3%
Romania
43.9%
Slovakia
42.8%
Moldova
42.3%
Netherlands
40.6%
Serbia
38.3%
Macedonia
38.2%
Liechtenstein
35.2%
Malta
34.6%
Monaco
31.5%
San Marino
20.8%

You're not logged in!

Compare scores with friends on all Sporcle quizzes.
Join for Free
OR
Log In

You Might Also Like...

Show Comments

Extras

Top Quizzes Today


Score Distribution

Your Account Isn't Verified!

In order to create a playlist on Sporcle, you need to verify the email address you used during registration. Go to your Sporcle Settings to finish the process.

Report this User

Report this user for behavior that violates our Community Guidelines.

Details: